Responses for show #7427 - Tuesday, December 20, 2016

Cindy Stowell game 6.

WE ASKED: Ana Navarro.

Contestants

Colleen Cooper, a writer from Van Nuys, California

Julia Kite, a policy and research director from New York, New York

Cindy Stowell, a science content developer from Austin, Texas (whose 5-day cash winnings total $80,002)

Jeopardy! Round responses

SERVING THE STATE
SPORTS NO-NOs
BIRDS OF A FEATHER
LOOKS AREN'T EVERYTHING, BUT...
STANDING "O"
& NOW FOR SOME GOOD NEWS
    $200 16
South Carolina

Colleen
    $200 1
Evander Holyfield

Julia
    $200 2
owls

Julia
    $200 9
the First World War

Julia
    $200 13
oratory

Julia
    $200 7
a bald eagle

Colleen
    $400 21
Minnesota

Cindy!
    $400 17
traveling

Julia
    $400 3
hummingbirds

Julia
    $400 10
Playboy

Colleen
    $400 14
the orchestra

Cindy!
    $400 8
Portugal

Julia
    $600 22
(Alex: Yes, with less than a minute to go.)

Chris Christie

Julia
    $600 18
(Julia: What is ballroom dance?)

bowling

Cindy!Julia
    $800 4
swans

Julia
    $600 11
Daphne du Maurier

Triple Stumper
    $600 15
objection

Julia
    $800 24
Jeb Bush

Julia
    $800 19
charging

Julia
    $800 5
wrens

Julia
    $800 12
Henry VIII

Triple Stumper
    $800 27
[The end-of-round signal sounds.]

obedience training

Cindy!
    $1000 23
Ted Stevens

Triple Stumper
    $1000 20
France

Cindy!
    $1000 6
vultures

Cindy!
    $1000 25
Halle Berry

Cindy!
    $1000 26
(Colleen: What is initiation?)

orientation

Colleen
Triple Stumper

Scores at the first commercial break (after clue 15):

Cindy! Julia Colleen
$1,400 $3,800 $600

Scores at the end of the Jeopardy! Round:

Cindy! Julia Colleen
$5,200 $5,800 -$200

Double Jeopardy! Round responses

SERVING THE STATE DINNER
7-LETTER VERBS
HISTORY
"J"EOGRAPHY
LET'S READ HENRY, JAMES
THE MUSICAL STYLINGS OF JOHNNY GILBERT
(Alex: You identify the musical artist that Johnny is quoting in his inimitable style.)
    $400 14
Gorbachev

Colleen
    $400 24
(Alex: And we have less than a minute to go now.)

overtip

Julia
    $400 4
Boss Tweed

Julia
    $400 5
Jamaica

Colleen
    $400 1
Annie

Colleen
    $400 19
Adele

Cindy!
    $800 15
mole

Cindy!
    $800 28
abandon

Julia
    $800 10
(Alex: Julia, you knew that. You didn't ring in.)
(Julia: I know. [Chuckles])
(Alex: Pick again, though.)
(Julia: Just being careful.)

the Holy Roman Empire

Triple Stumper
    $800 6
Jackson (Mississippi)

Cindy!
    $800 2
Henry Wadsworth Longfellow

Triple Stumper
    $800 20
Snoop Dogg

Cindy!
    $1200 16
Trudeau

Cindy!
    $1200 27
clarify

Julia
    $1200 11
William Wallace

Cindy!
    $1200 7
Java

Julia
    $1200 3
James Barrie

Triple Stumper
    $1200 21
Taylor Swift

Julia
    $1600 17
tuna

Julia
    $1600 26
swagger

Colleen
    $1600 12
the Gang of Four

Julia
    $1600 8
Jersey

Cindy!
    $1,600 29
(Alex: Tropic of Cancer was the novel.)
[The end-of-round signal sounds.]

Henry Miller

Julia
    $1600 22
King

Cindy!
    $2,000 18
the Sandwich Islands

Julia
    $2000 25
whimper

Julia
    $2000 13
the Knesset

Julia
    $2000 9
Jura

Julia
    $2000 23
Mike Posner

Triple Stumper

Scores at the end of the Double Jeopardy! Round:

Cindy! Julia Colleen
$13,600 $23,800 $2,600

[wagering suggestions for these scores]

Final Jeopardy! Round responses

2016 U.S. OLYMPIANS
(Alex: The one man and one woman were Michael Phelps and Katie Ledecky.)
ColleenWhat is California?
$2,599
Cindy!What is Maryland?
$10,201
JuliaWhat is Ohio
$5,000
Maryland

Final scores:

Cindy! Julia Colleen
$23,801 $18,800 $1
6-day champion: $103,803 2nd place: $2,000 3rd place: $1,000

Game dynamics:

Coryat scores:

Cindy! Julia Colleen
$13,600 $23,600 $2,600
15 R,
0 W
26 R
(including 3 DDs),
1 W
7 R,
1 W

Combined Coryat: $39,800

The J! Archive is created by fans, for fans. The Jeopardy! game show and all elements thereof, including but not limited to copyright and trademark thereto, are the property of Jeopardy Productions, Inc. and are protected under law. This website is not affiliated with, sponsored by, or operated by Jeopardy Productions, Inc. Join the discussion at JBoard.tv.